| 000 | 00449nam a2200169Ia 4500 | ||
|---|---|---|---|
| 008 | 220204s9999 xx 000 0 und d | ||
| 020 | _a8180940128 | ||
| 082 |
_a573.6 _bREM |
||
| 100 | _aRema, L P | ||
| 245 | 0 | _aApplied biotechnology | |
| 260 |
_aChennai _bMJP Publishers _c2006 |
||
| 650 | _aEnvironmental biotechnology | ||
| 650 | _aEnzyme biotechnology | ||
| 650 | _aFuel biotechnology | ||
| 650 | _aTissue culture technology | ||
| 942 | _cBK | ||
| 999 |
_c42660 _d42660 |
||